000 00599nam a2200169 i 4500
001 93732
003 ES-MaACL
005 20250907063055.0
007 t|
008 050418n1904 ag ||||1| spa d
100 1 _aLópez de Gómara, Justo S.,
_d1859-1923
_973542
245 1 0 _aMelindres de enamorada ó sutilezas de amor
_b: juguete original en un acto y verso, escrito en estilo antiguo /
_cpor Justo S. López de Gómara.
260 _aBuenos Aires :
_b[s.n.],
_c1904 (
_fGráf. Robles & Cía)
300 _a44 p. ;
_c20 cm.
852 _aES-MaACL
_j1661-F-13
999 _c93732
_d93732